Formule 1 - Vainqueurs du GP d'Imola, Émilie Romagne, Italie - Statistiques

Statistiques générales
  • Ce quiz a été pris 91 fois
  • Le résultat moyen est 25 sur 31
Statistiques - réponses
Années Pilotes % Correct
2020 Lewis Hamilton
100%
2021 Max Verstappen
100%
2022 Max Verstappen
100%
2024 Max Verstappen
100%
1988 Ayrton Senna
99%
1989 Ayrton Senna
99%
1991 Ayrton Senna
99%
1994 Michael Schumacher
97%
1999 Michael Schumacher
97%
2000 Michael Schumacher
97%
2002 Michael Schumacher
97%
2003 Michael Schumacher
97%
2004 Michael Schumacher
97%
2006 Michael Schumacher
97%
2001 Ralf Schumacher
97%
1984 Alain Prost
96%
1986 Alain Prost
96%
1993 Alain Prost
96%
2005 Fernando Alonso
87%
1995 Damon Hill
86%
1996 Damon Hill
86%
1987 Nigel Mansell
80%
1992 Nigel Mansell
80%
1980 Nelson Piquet
74%
1981 Nelson Piquet
74%
1998 David Coulthard
59%
1997 Heinz-Harald Frentzen
42%
1990 Riccardo Patrese
30%
1982 Didier Pironi
29%
1983 Patrick Tambay
29%
1985 Elio de Angelis
20%
Aucun quiz correspondant
Distribution des résultats
% des personnes avec chaque résultat
Percentile par nombre de réponses
Votre historique - résultats
Vous n’avez pas pris ce quiz